000 00748nam a22002177a 4500
999 _c19773
_d19773
003 AR-CdUCM
008 190220b ||||| |||| 00| 0 spa d
040 _aMUNICIPALIDAD PROVINCIAL DEL CUSCO
_cBIBLIOTECA MUNICIPAL DEL CUSCO
082 _a342.53985 /
_bP47
110 _aUniversidad San Martin de Porres
_923773
245 _aEl Perú y el mar /
260 _aLima :
_bJose A. Cayo Morales,
_c1985.
300 _a460 páginas.
_c24 cm.
440 _aFacultad de derecho
_941347
505 _aContenido :El mar y su naturaleza real -- Breve historia del Pacifico -- El nuevo derecho del mar...
650 _aHistoria del Perú
_9259
650 _aPacifico
_923369
650 _aDerechos del mar
_941348
942 _2ddc
_cLIBROS
945 _arcc